Joseph Heller's 'Catch 22' - Statistics

General Stats
  • This quiz has been taken 9 times
  • The average score is 8 of 15
Answer Stats
Hint Answer % Correct
The squadron commander. Colonel Cathcart
83%
Naive, sensitive officer who was in love with a lady of the night. Nately
83%
A junior NCO who sold contraband and had an ability to start mischief with brief, snide remarks over the telephone to the squadron commander. PFC Wintergreen
83%
Caring but selfish old man who cared but was selfish. Feared being sent to the Pacific Theatre. Became a persona non grata in the squadron. Doc Daneeka
67%
Murdered the "girl in the lime green panties". Aarfy Aardvark
50%
An annoying captain who was scared to death of a fellow combatant when the latter threatened to "cut his throat from ear to ear while he is sleeping." Captain Flume
50%
The fellow combatant that threatened the above with murder. Chief White Half Oat
50%
Wanted the central character to aid and abet him in the murder of the squadron commander. Dobbs
50%
Two nurses whom the central character was obsessed with while he was hospitalised. Duckett and Cramer
50%
Believed if you cultivated boredom you would live longer. He hated shooting skeet so he shot skeet because it bored him. Dunbar
50%
Physical and verbal martinet who scared everybody. He put an end to the 'Loyalty Oath Crusade' in a flash of roaring thunder. Major ___de Coverley
50%
She was the "girl in the lime green panties". Defenestrated and killed. Michaela
33%
The central character fell instantly in love with him, at first sight. First sentence... first page. Chaplain R.O. Shipman
17%
There was one big flaw in his philosophy. Clevinger
17%
Two officers who just wanted to go home unscathed without hurting anyones' feelings. Pilchard and Wren
17%
No matching quizzes found
Score Distribution
Percent of People with Each Score
Percentile by Number Answered
Your Score History
You have not taken this quiz